Journal of small business management advancing entrepreneurship research worldwide

Saved in:
Bibliographic Details
Format: Serial
Language:English
Published: Malden Blackwell Publ. 2010
Subjects:
Tags: Add Tag
No Tags, Be the first to tag this record!

MARC

LEADER 00000nas2a2200000 4500
001 0181908
005 20140214081241.0
022 |a 0047-2778 
041 0 |a eng 
044 |a US 
245 1 0 |a Journal of small business management  |b advancing entrepreneurship research worldwide 
264 1 |a Malden  |b Blackwell Publ.  |c 2010 
773 0 |w eu_un_cat*0082089 
610 2 0 |a manažment 
610 2 0 |a podnik malý 
610 2 0 |a podnikanie